El señor de la corte /
שמור ב:
| מחבר ראשי: | |
|---|---|
| פורמט: | אלקטרוני ספר אלקטרוני |
| שפה: | ספרדית |
| יצא לאור: |
Ciudad Autónoma de Buenos Aires, Argentina :
Ediciones B Argentina,
2017.
|
| נושאים: | |
| גישה מקוונת: | Digitalia Hispánica |
| תגים: |
הוספת תג
אין תגיות, היה/י הראשונ/ה לתייג את הרשומה!
|
MARC
| LEADER | 00000nam a2200000Ii 4500 | ||
|---|---|---|---|
| 001 | DIGEDICNSB0223 | ||
| 003 | NyNyDIG | ||
| 008 | 221020s2017 ag a ob 000 0 spa d | ||
| 006 | m o d | ||
| 007 | cr ||||||||||| | ||
| 035 | |a (OCoLC)1379435477 | ||
| 040 | |a DGITA |b eng |e rda |e pn |c DGITA | ||
| 043 | |a s-ag--- | ||
| 020 | |a 9789876277815 |q eBook | ||
| 020 | |z 9789876276757 | ||
| 050 | 1 | 4 | |a KHA304.L67 ebook |
| 100 | 1 | |a Aguiar, Natalia, |e author. | |
| 245 | 1 | 3 | |a El señor de la corte / |c Natalia Aguiar. |
| 264 | 1 | |a Ciudad Autónoma de Buenos Aires, Argentina : |b Ediciones B Argentina, |c 2017. | |
| 300 | |a 1 online resource : |b illustrations. | ||
| 336 | |a text |b txt |2 rdacontent | ||
| 337 | |a computer |b c |2 rdamedia | ||
| 338 | |a online resource |b cr |2 rdacarrier | ||
| 347 | |a text file |2 rdaft | ||
| 347 | |b EPUB | ||
| 500 | |a 2La historia de Ricardo Lorenzetti." | ||
| 504 | |a Includes bibliographical references. | ||
| 588 | 0 | |a Online resource; title from ePub title page (Digitalia, viewed October 20, 2022) | |
| 600 | 1 | 0 | |a Lorenzetti, Ricardo Luis. |
| 651 | 0 | |a Judges |z Argentina |v Biography. | |
| 791 | 2 | |a Digitalia (Firm), |e distributor. | |
| 793 | 0 | |g Digitalia eBook Collection: |a Ediciones B | |
| 776 | 0 | 8 | |i Print version: |a Aguiar, Natalia, |t Señor de la corte. |b 1a edición. |d Ciudad Autónoma de Buenos Aires, Argentina : Ediciones B Argentina, [2017] |z 9789876276757 |
| 856 | 4 | 0 | |3 Digitalia Hispánica |u https://digitalia.unach.elogim.com/a/54612/ |
| 910 | |a Premium collection: 2022 | ||